| 000 -LEADER | |
|---|---|
| fixed length control field | 00304nam a22001217a 4500 |
| 005 - DATE AND TIME OF LATEST TRANSACTION | |
| control field | 20230726121013.0 |
| 008 - FIXED-LENGTH DATA ELEMENTS--GENERAL INFORMATION | |
| fixed length control field | 230726b |||||||| |||| 00| 0 eng d |
| 041 ## - LANGUAGE CODE | |
| Language code of text/sound track or separate title | eng |
| 100 ## - MAIN ENTRY--AUTHOR NAME | |
| Personal name | NLC BHARAT |
| 245 ## - TITLE STATEMENT | |
| Title | TRYST WITH PEOPLE : PREAMBLES OF CONSTITUTION IN THE WORLD |
| 300 ## - PHYSICAL DESCRIPTION | |
| Number of Pages | 173;p |
| 942 ## - ADDED ENTRY ELEMENTS (KOHA) | |
| Koha item type | Books |
| Lost status | Damaged status | Collection code | Home library | Current library | Shelving location | Date acquired | Source of acquisition | Full call number | Accession Number | Koha item type |
|---|---|---|---|---|---|---|---|---|---|---|
| ENGLISH LITERATURE | JRU Library | JRU Library | SHELF-103-A | 25/07/2023 | DONATION | 342.02 | 0010/D | Books |